| 000 | 01716cam a22002054a 4500 | ||
|---|---|---|---|
| 005 | 20250605164030.0 | ||
| 008 | 250528s ||||||||||||||||||||||||d | ||
| 035 | _a16620 | ||
| 020 | _a9605600137 | ||
| 040 |
_aGR-AtMCL _bgre _dGR-AtMCL _eAACR2 |
||
| 245 | 1 | _aΑπάνθισμα Κειμένων / Ρήγα Βελεστίνλη | |
| 260 |
_bΒουλή Των Ελλήνων, _c1998 |
||
| 300 | _a160 | ||
| 505 | 0 | _aΠρόλογος του Προέδρου της Βουλής των Ελλήνων, Αποσαφήνιση, Κείμενα, Φυσικής Απάνθισμα, Σχολείον των Ντελικάτων Εραστών, Ηθικός Τρίπους, Νέος Ανάχαρσις, Νέα Πολιτική Διοίκησης των Κατοίκων της Ρούμελης - της Μικράς Ασίας - των Μεσογείων Νήσων και της Βλαχομπογδανίας, Ύμνος Πατριωτικός, Γλωσσάριο, Επιλογή Βιβλιογραφίας. | |
| 520 | _aΠρόλογος του Προέδρου της Βουλής των Ελλήνων, Αποσαφήνιση, Κείμενα, Φυσικής Απάνθισμα, Σχολείον των Ντελικάτων Εραστών, Ηθικός Τρίπους, Νέος Ανάχαρσις, Νέα Πολιτική Διοίκησης των Κατοίκων της Ρούμελης - της Μικράς Ασίας - των Μεσογείων Νήσων και της Βλαχομπογδανίας, Ύμνος Πατριωτικός, Γλωσσάριο, Επιλογή Βιβλιογραφίας. | ||
| 700 | 1 |
_aΒελεστινλής Ρήγας _92706 |
|
| 942 | _cBK | ||
| 999 |
_c2099 _d2099 |
||